Constructive criticism (Record no. 74746)

MARC details
000 -LEADER
fixed length control field 01080cab a2200241 4500
001 - CONTROL NUMBER
control field ABS68603
008 - FIXED-LENGTH DATA ELEMENTS--GENERAL INFORMATION
fixed length control field 050125n2005 000 0 eng u
035 ## - SYSTEM CONTROL NUMBER
System control number (Sirsi) u128597
100 ## - MAIN ENTRY--PERSONAL NAME
Personal name Cowles, D.
245 ## - TITLE STATEMENT
Title Constructive criticism
260 ## - PUBLICATION, DISTRIBUTION, ETC.
Date of publication, distribution, etc. 2005
490 ## - SERIES STATEMENT
Series statement Fire Engineers Journal
Volume/sequential designation 65(252) January 2005, 28-29(2)
520 ## - SUMMARY, ETC.
Summary, etc. Discusses the proposed new Construction (Design and Management) Regulations (CDM) which will simplify the existing regulations to improve clarity. Many in the construction industry argue the existing regulations have not helped to improve risk management on UK construction sites. The most significant change will see the duties that the existing CDM places on the planning supervisor imposed instead on the client.
590 ## - LOCAL NOTE (RLIN)
Local note ABS
650 ## - SUBJECT ADDED ENTRY--TOPICAL TERM
Topical term or geographic name entry element CONSTRUCTION (DESIGN AND MANAGEMENT) REGULATIONS 1994
650 ## - SUBJECT ADDED ENTRY--TOPICAL TERM
Topical term or geographic name entry element CLIENT DUTIES
650 ## - SUBJECT ADDED ENTRY--TOPICAL TERM
Topical term or geographic name entry element ARCHITECTS' DUTIES
650 ## - SUBJECT ADDED ENTRY--TOPICAL TERM
Topical term or geographic name entry element CDM REGULATIONS
650 ## - SUBJECT ADDED ENTRY--TOPICAL TERM
Topical term or geographic name entry element CONSTRUCTION SITES
650 ## - SUBJECT ADDED ENTRY--TOPICAL TERM
Topical term or geographic name entry element CONSTRUCTION SAFETY
690 ## - LOCAL SUBJECT ADDED ENTRY--TOPICAL TERM (OCLC, RLIN)
Topical term or geographic name as entry element BUILT ENVIRONMENT-BUILDING STANDARDS
942 ## - ADDED ENTRY ELEMENTS (KOHA)
Suppress in OPAC 0
Holdings
Withdrawn status Lost status Source of classification or shelving scheme Damaged status Not for loan Home library Current library Shelving location Date acquired Total Checkouts Full call number Barcode Date last seen Copy number Price effective from Koha item type
    Dewey Decimal Classification     London London Journal article 25/01/2005   ABS68603 128597-1001 06/08/2019 1 06/08/2019 Journal article